000 00388nam a2200133 i 4500
001 bg
100 1 _aVOGELPOHL, Georg
245 0 _aBetriebssichere Gleitlager. Berechnungsvefahren fur konstruktion un Betrieb.Zweite neubearbeitete tuflage /
_cGeorg Vogelpohl.
260 _aBerlin,
_c1967.
040 _cBPK
041 _apol
942 _cKS
008 s pl f |000 0 pol
999 _c25447
_d25447
856 _uhttp://koha.tu.koszalin.pl/cgi-bin/koha/opac-detail.pl?biblionumber=25447
_yKatalog online BPK